| 000 | 00789nam a2200229 a 4500 | ||
|---|---|---|---|
| 001 | 000038861 | ||
| 005 | 20260326140254.0 | ||
| 008 | 130430s1994 dr 000 0 spa d | ||
| 040 |
_aDO-SdBNP _bspa _cBNPHU |
||
| 082 |
_a331.04 _bH557c |
||
| 100 | 1 |
_aHernández Caamaño, Ida, _d1949- _929226 |
|
| 245 | 1 | 0 |
_aConceptos y normas laborales esenciales en la relación de trabajo / _cIda Hernández Caamaño. |
| 260 |
_aSanto Domingo : _bINTEC, _c1994. |
||
| 300 |
_a28 p. ; _c21 cm. |
||
| 500 | _aPrograma INTEC-EDUCA-P.I.P.E. | ||
| 590 | _aInventariado, 2018/VM | ||
| 650 | 4 |
_aRelaciones laborales _949794 |
|
| 650 | 0 |
_aAdministración de personal _91581 |
|
| 650 | 4 |
_aEconomía del trabajo _949793 |
|
| 650 | 0 |
_aContratos de trabajo _916459 |
|
| 910 | _aValidado. Control de calidad EMS. | ||
| 999 |
_c38351 _d38351 |
||